Construcción y validación de una escala de locus de control-bienestar subjetivo (Record no. 181755)

MARC details
000 -CABECERA
campo de control de longitud fija 01829nab a2200301 a 4500
005 - FECHA Y HORA DE LA ÚLTIMA TRANSACCIÓN
campo de control 20220221090946.0
008 - ELEMENTOS DE LONGITUD FIJA--INFORMACIÓN GENERAL
campo de control de longitud fija 991125s1985 mx 000 0 spa u
035 ## - NÚMERO DE CONTROL DEL SISTEMA
Número de control de sistema UPN01000209654
049 ## - COLECCIÓN
Colección ART
100 1# - ASIENTO PRINCIPAL--NOMBRE PERSONAL
Nombre de persona Velasco Matus, Pedro Wolfgang
100 1# - ASIENTO PRINCIPAL--NOMBRE PERSONAL
Filiación velasco.matus@gmail.com
100 1# - ASIENTO PRINCIPAL--NOMBRE PERSONAL
Nombre de persona Rivera Aragón, Sofía
100 1# - ASIENTO PRINCIPAL--NOMBRE PERSONAL
Filiación sofiar@unam.mx
100 1# - ASIENTO PRINCIPAL--NOMBRE PERSONAL
Nombre de persona Díaz Loving, Rolando
9 (RLIN) 28003
100 1# - ASIENTO PRINCIPAL--NOMBRE PERSONAL
Nombre de persona Reyes Lagunes, Isabel
222 #0 - TÍTULO CLAVE
Título clave PSICOLOGIA IBEROAMERICANA
245 00 - MENCIÓN DE TÍTULO
Título Construcción y validación de una escala de locus de control-bienestar subjetivo
260 ## - PUBLICACIÓN, DISTRIBUCIÓN, ETC.
Lugar de publicación, distribución, etc. México
300 ## - DESCRIPCIÓN FÍSICA
Extensión 45-54
362 0# - FECHAS DE PUBLICACIÓN Y/O DESIGNACIÓN SECUENCIAL
Fecha de publicación y/o designación secuencial 2015 Volumen 23, número 2, julio-diciembre
520 3# - NOTA DE RESUMEN, ETC.
Sumario, etc. Por lo general, las personas desarrollan la creencia de que se puede tener cierto control sobre lo que sucede en la vida y, en caso de no poder, la creencia radica entonces en la posibilidad de atribuir tales causas a factores ajenos, situación a la que Rotter (1966) llamó locus de control. Vinculando esto al estudio del bienestar subjetivo, Diener (2009) plantea una línea de investigación: conocer si las causas de bienestar son internas o externas. Utilizando como punto de partida el locus de control, este estudio tuvo como objetivo construir una escala válida y confiable que evalúe las causas del bienestar subjetivo en una muestra de mexicanos (n = 470). Se obtuvo una escala final de 40 reactivos (distribuidos en siete factores) con buenas propiedades psicométricas (Alpha de Cronbach = 0.95, 51.1% de varianza total explicada). Los resultados se contrastan con otro tipo de escalas de locus de control
653 0# - TERMINO DE INDIZACION - NO CONTROLADO
Término no controlado BIENESTAR SUBJETIVO
653 0# - TERMINO DE INDIZACION - NO CONTROLADO
Término no controlado LOCUS DE CONTROL
653 0# - TERMINO DE INDIZACION - NO CONTROLADO
Término no controlado PSICOMETRIA
653 0# - TERMINO DE INDIZACION - NO CONTROLADO
Término no controlado VALIDACION
856 4# - LOCALIZACIÓN Y ACCESO ELECTRÓNICOS
Identificador Uniforme del Recurso <a href="http://www.redalyc.org/articulo.oa?id=133944231006">http://www.redalyc.org/articulo.oa?id=133944231006</a>
905 ## - TIPO DE MATERIAL
Tipo de material Articulo

No items available.